000 01421nam a2200409Ia 4500
001 ebr10112689
003 CaPaEBR
006 m u
007 cr cn|||||||||
008 041215s2005 caua sb 001 0 eng d
020 _z0738493694
040 _aCaPaEBR
_cCaPaEBR
035 _a(OCoLC)614898882
050 1 4 _aQA76.76.I57
_bM66 2005eb
100 1 _aMonson, Philip.
245 1 0 _aIBM workplace collaboration services
_h[electronic resource] :
_brelease 2.5 deployment guide /
_cPhilip Monson et al.
260 _aSan Jose, CA :
_bIBM,
_cc2005.
300 _axviii, 695 p. :
_bill.
490 1 _aRedbooks
500 _aIncludes index.
500 _a"October 2005."
504 _aIncludes index.
533 _aElectronic reproduction.
_bPalo Alto, Calif. :
_cebrary,
_d2009.
_nAvailable via World Wide Web.
_nAccess may be limited to ebrary affiliated libraries.
650 0 _aInformation technology.
650 0 _aIntegrated software.
655 7 _aElectronic books.
_2local
700 1 _aSavov, Tatjana.
700 1 _aDussourd, Edward.
700 1 _aRousseaux, Michael.
700 1 _aKoch, Barbara.
700 1 _aMueller, Heiko.
700 1 _aSlone, Jeffrey.
700 1 _aRiffe, Annette.
710 2 _aebrary, Inc.
830 0 _aIBM redbooks.
856 4 0 _uhttp://site.ebrary.com/lib/rucke/Doc?id=10112689
_zAn electronic book accessible through the World Wide Web; click to view
999 _c211161
_d211161